000
00385nam a2200133Ia 4500
008
100328s9999 xx 000 0 und d
082
_b
68177
100
_a
कुंटे जगन्नाथ.
245
_a
साधनामस्त.
260
_b
प्राजक्त.
630
_a
साधनामस्त.
730
_a
साधनामस्त.
942
_c
BOOK
999
_c
553916
_d
553913